|
|
|
|
| LEADER |
00000nam0a2200000 4500 |
| 001 |
292484 |
| 005 |
20231102000511.0 |
| 010 |
|
|
|a 9785160104409
|
| 035 |
|
|
|a (RuTPU)RU\TPU\book\317116
|
| 035 |
|
|
|a RU\TPU\book\325053
|
| 090 |
|
|
|a 292484
|
| 100 |
|
|
|a 20150703d2016 k y0rusy50 ca
|
| 101 |
0 |
|
|a rus
|
| 102 |
|
|
|a RU
|
| 105 |
|
|
|a y l 000zy
|
| 200 |
1 |
|
|a Правила по охране труда при эксплуатации электроустановок
|
| 210 |
|
|
|a Москва
|c Инфра-М
|d 2016
|
| 215 |
|
|
|a 130 с.
|
| 330 |
|
|
|a Правила по охране труда при эксплуатации электроустановок распространяются на работников из числа электротехнического, электротехнологического и неэлектротехнического персонала, а также на работодателей (физических и юридических лиц, независимо от форм собственности и организационно-правовых форм), занятых техническим обслуживанием электроустановок, проводяших в них оперативные переключения, организующих и выполняющих строительные, монтажные, наладочные, ремонтные работы, испытания и измерения.
|
| 606 |
1 |
|
|a Электрические установки
|x Эксплуатация
|x Техника безопасности
|2 stltpush
|3 (RuTPU)RU\TPU\subj\27699
|9 51414
|
| 610 |
1 |
|
|a электроэнергетика
|
| 610 |
1 |
|
|a электроустановки
|
| 610 |
1 |
|
|a обслуживание
|
| 610 |
1 |
|
|a охрана труда
|
| 610 |
1 |
|
|a безопасная эксплуатация
|
| 610 |
1 |
|
|a безопасность
|
| 610 |
1 |
|
|a правила
|
| 610 |
1 |
|
|a электрооборудование
|
| 610 |
1 |
|
|a электробезопасность
|
| 675 |
|
|
|a 621.31.004:658.382
|v 3
|
| 801 |
|
1 |
|a RU
|b 63413507
|c 20150423
|
| 801 |
|
2 |
|a RU
|b 63413507
|c 20161031
|g RCR
|
| 900 |
|
|
|a Охрана труда
|
| 900 |
|
|
|a Охрана труда в электроэнергетике
|
| 942 |
|
|
|c BK
|
| 959 |
|
|
|a 42/20150415
|d 3
|e 240,00
|f ЧЗТЛ:1
|f УФ:2
|
| 959 |
|
|
|a 39/20160429
|d 3
|e 300,00
|f ЧЗТЛ:1
|f УФ:2
|